000 01176nam a22002537i 4500
999 _c23151
_d23151
003 AR-CdUCM
008 241213b20212021 pe||||| |||| 00| 0 spa d
020 _a978-612-319-568-1
040 _aMUNICIPALIDAD PROVINCIAL DEL CUSCO
_cBIBLIOTECA MUNICIPAL DEL CUSCO
041 _hspa
082 _a746.14v / R84
_bR84
100 _aRosas, Esperanza
_950868
245 _aTejiendo Perú :
_bAprende la técnica del tejido con las youtubers más queridas del país /
260 _aLima :
_bEditorial Planeta Perú S.A.
_c2021
300 _a195 páginas. :
_c22cm.
505 _aDos agujas: Chullos para grandes y chicos -- Botitas para bebes -- Bufanda infinita -- Chal calado con diseño de plumas -- Crochet: Alfombra de estrella -- Ruana chal en capas -- Top de verano -- Mochila con zorritos -- Bolsa de compras saludable -- Almohadón de un granny en capas a colores -- Atrapa sueños vigente arcoíris -- Colgante para macetitas -- Amigurumi
650 _aTejido
_925306
650 _aCrochet
_950869
650 _aTécnicas
_9975
700 _aRosas, Ana Celia
_950870
856 _fwww.planetadelibros.com.pe
942 _2ddc
_cLIBROS
945 _apbj
_d13-12-2024